<?xml version="1.0" encoding="UTF-8"?>
<record
    xmlns:xsi="http://www.w3.org/2001/XMLSchema-instance"
    xsi:schemaLocation="http://www.loc.gov/MARC21/slim http://www.loc.gov/standards/marcxml/schema/MARC21slim.xsd"
    xmlns="http://www.loc.gov/MARC21/slim">

  <leader>00428nam a2200169Ia 4500</leader>
  <controlfield tag="005">20240626141949.0</controlfield>
  <controlfield tag="008">240126s9999    xx            000 0 und d</controlfield>
  <datafield tag="020" ind1=" " ind2=" ">
    <subfield code="a">9781259026805</subfield>
  </datafield>
  <datafield tag="082" ind1=" " ind2=" ">
    <subfield code="a">910  SHA;1  R</subfield>
  </datafield>
  <datafield tag="100" ind1=" " ind2=" ">
    <subfield code="a">Sharma, Kshitiz.</subfield>
  </datafield>
  <datafield tag="245" ind1=" " ind2="0">
    <subfield code="a">Introduction to tourism management</subfield>
  </datafield>
  <datafield tag="260" ind1=" " ind2=" ">
    <subfield code="b">McGraw Hill</subfield>
    <subfield code="a">New Delhi</subfield>
    <subfield code="c">2014</subfield>
  </datafield>
  <datafield tag="300" ind1=" " ind2=" ">
    <subfield code="a">xxi, 528</subfield>
  </datafield>
  <datafield tag="440" ind1=" " ind2=" ">
    <subfield code="a">NULL</subfield>
  </datafield>
  <datafield tag="650" ind1=" " ind2=" ">
    <subfield code="a">tourism,management</subfield>
  </datafield>
  <datafield tag="942" ind1=" " ind2=" ">
    <subfield code="c">PU</subfield>
  </datafield>
  <datafield tag="999" ind1=" " ind2=" ">
    <subfield code="c">272946</subfield>
    <subfield code="d">272946</subfield>
  </datafield>
  <datafield tag="952" ind1=" " ind2=" ">
    <subfield code="r">2024-01-26 00:00:00</subfield>
    <subfield code="l">0</subfield>
    <subfield code="o">910  SHA;1  R</subfield>
    <subfield code="p">PU209</subfield>
    <subfield code="W">25</subfield>
    <subfield code="h">(06/07/1905)</subfield>
    <subfield code="v">446.25</subfield>
    <subfield code="w">2024-01-26</subfield>
    <subfield code="y">PU</subfield>
    <subfield code="1">0</subfield>
    <subfield code="2">ddc</subfield>
    <subfield code="4">0</subfield>
    <subfield code="7">0</subfield>
    <subfield code="8">CL</subfield>
    <subfield code="0">0</subfield>
    <subfield code="K">77236</subfield>
    <subfield code="a">ML</subfield>
    <subfield code="b">ML</subfield>
    <subfield code="c">CL</subfield>
    <subfield code="d">2014-09-04</subfield>
    <subfield code="e">Book Paradise</subfield>
    <subfield code="g">595.00</subfield>
    <subfield code="E">HM</subfield>
    <subfield code="G">RS</subfield>
    <subfield code="F">1</subfield>
    <subfield code="V">148.75</subfield>
    <subfield code="U">Rupees</subfield>
  </datafield>
  <datafield tag="952" ind1=" " ind2=" ">
    <subfield code="r">2024-04-02 00:00:00</subfield>
    <subfield code="l">1</subfield>
    <subfield code="o">910  SHA;2  R1</subfield>
    <subfield code="p">PU3736</subfield>
    <subfield code="W">25</subfield>
    <subfield code="q">2018-02-01</subfield>
    <subfield code="h">(06/07/1905)</subfield>
    <subfield code="s">2024-04-02</subfield>
    <subfield code="v">468.75</subfield>
    <subfield code="w">2024-01-26</subfield>
    <subfield code="y">PU</subfield>
    <subfield code="1">0</subfield>
    <subfield code="4">0</subfield>
    <subfield code="7">0</subfield>
    <subfield code="8">HEM</subfield>
    <subfield code="0">0</subfield>
    <subfield code="K">80745</subfield>
    <subfield code="a">ML</subfield>
    <subfield code="b">ML</subfield>
    <subfield code="c">BHM</subfield>
    <subfield code="d">2015-08-06</subfield>
    <subfield code="e">Book Paradise</subfield>
    <subfield code="g">625.00</subfield>
    <subfield code="E">HM</subfield>
    <subfield code="G">RS</subfield>
    <subfield code="F">1</subfield>
    <subfield code="V">156.25</subfield>
    <subfield code="U">Rupees</subfield>
  </datafield>
</record>
